[Event "BL 0910 SF Katernberg - SC Remagen"]
[Site "?"]
[Date "2009.11.14"]
[Round "3.5"]
[White "Swinkels, Robin"]
[Black "Zaragatski, Ilja"]
[Result "1/2-1/2"]
[WhiteElo "2511"]
[BlackElo "2475"]
[PlyCount "68"]
[EventDate "2009.??.??"]

1. e4 e6 2. d4 d5 3. Nc3 Nc6 4. Nf3 Nf6 5. e5 Ne4 6. Ne2 Na5 7. Ng3 c5 8. Bd3
Nxg3 9. hxg3 cxd4 10. Ng5 Qc7 11. Bf4 h6 12. Nh7 Bd7 13. Nxf8 Rxf8 14. Qe2 Nc6
15. O-O-O g5 16. Bd2 Qxe5 17. Qxe5 Nxe5 18. Rxh6 Nxd3+ 19. cxd3 Rc8+ 20. Kb1
Rg8 21. Rc1 Rxc1+ 22. Kxc1 e5 23. Bb4 Bf5 24. Bd6 Bxd3 25. Bxe5 Ke7 26. Kd2 Bg6
27. Rh8 Rxh8 28. Bxh8 f6 29. a3 Kf7 30. Ke2 Be4 31. Kd2 d3 32. Ke3 d4+ 33. Kd2
a6 34. g4 Bxg2 1/2-1/2

[Event "BL 0910 SF Katernberg - SC Remagen"]
[Site "?"]
[Date "2009.11.14"]
[Round "3.6"]
[White "Ris, Robert"]
[Black "Teske, Henrik"]
[Result "1/2-1/2"]
[WhiteElo "2420"]
[BlackElo "2545"]
[PlyCount "82"]
[EventDate "2009.??.??"]

1. d4 Nf6 2. c4 e6 3. Nf3 d5 4. g3 c5 5. cxd5 Nxd5 6. Bg2 Nc6 7. O-O Be7 8. Nc3
O-O 9. e4 Nxc3 10. bxc3 b6 11. Bf4 cxd4 12. cxd4 Ba6 13. Re1 Nb4 14. Bf1 Bxf1
15. Kxf1 Rc8 16. Re2 Bd6 17. Qb3 Bxf4 18. Qxb4 Bd6 19. Qb3 Qd7 20. Rd1 Rfd8 21.
Red2 Qb7 22. e5 Be7 23. d5 exd5 24. Rxd5 Rxd5 25. Rxd5 Rc3 26. Qb5 Bf8 27. Kg2
h6 28. Qd7 Rc7 29. Qd8 a6 30. Rd3 b5 31. Qd5 Qc8 32. Qd8 Qb7 33. Qd5 Qxd5 34.
Rxd5 g6 35. Nd4 Be7 36. Kf3 Rc3+ 37. Ke4 Ra3 38. Nc6 Bf8 39. Rd2 Rc3 40. Nb8 a5
41. Rd8 Kg7 1/2-1/2

[Event "BL 0910 SF Katernberg - SC Remagen"]
[Site "?"]
[Date "2009.11.14"]
[Round "3.7"]
[White "Popovic, Petar"]
[Black "Siebrecht, Sebastian"]
[Result "1/2-1/2"]
[WhiteElo "2496"]
[BlackElo "2456"]
[PlyCount "41"]
[EventDate "2009.??.??"]

1. e4 c5 2. Nf3 e6 3. d4 cxd4 4. Nxd4 a6 5. Bd3 Nf6 6. O-O d6 7. c4 g6 8. Nc3
Bg7 9. Bg5 O-O 10. Qd2 Re8 11. Rfd1 Nbd7 12. Nf3 Qc7 13. Be2 Nc5 14. Qc2 Ng4
15. Nd4 Nf6 16. Nf3 Ng4 17. Nd4 Nf6 18. Nf3 Ng4 19. Nd4 Nf6 20. Nf3 Ng4 21. Nd4
1/2-1/2

[Event "BL 0910 Werder Bremen - SC Eppingen"]
[Site "?"]
[Date "2009.11.14"]
[Round "3.3"]
[White "Balogh, Csaba"]
[Black "Areshchenko, Alexander"]
[Result "1/2-1/2"]
[WhiteElo "2620"]
[BlackElo "2667"]
[PlyCount "43"]
[EventDate "2009.??.??"]

1. e4 c5 2. Nf3 d6 3. d4 cxd4 4. Nxd4 Nf6 5. Nc3 a6 6. Be3 e5 7. Nf3 Be7 8. Bc4
O-O 9. O-O Nc6 10. Qe2 Na5 11. Bb3 h6 12. Rfd1 Nxb3 13. axb3 Qe8 14. Nd2 b5 15.
b4 Bb7 16. Qd3 Rd8 17. Nd5 Nxd5 18. exd5 f5 19. f3 Qh5 20. c4 bxc4 21. Nxc4 Bf6
22. Bb6 1/2-1/2

[Event "BL 0910 Werder Bremen - SC Eppingen"]
[Site "?"]
[Date "2009.11.14"]
[Round "3.4"]
[White "Roiz, Michael"]
[Black "Gyimesi, Zoltan"]
[Result "1-0"]
[WhiteElo "2658"]
[BlackElo "2594"]
[PlyCount "165"]
[EventDate "2009.??.??"]

1. d4 Nf6 2. c4 e6 3. Nf3 d5 4. g3 Bb4+ 5. Bd2 Be7 6. Bg2 O-O 7. O-O c6 8. Bf4
Nbd7 9. Qb3 b6 10. Nc3 Ba6 11. cxd5 Nxd5 12. Qa4 Nxf4 13. gxf4 Bb7 14. Rfd1 Qc7
15. e3 Rac8 16. Rd2 Rfd8 17. Rad1 a6 18. Qc2 g6 19. a3 c5 20. d5 exd5 21. Nxd5
Bxd5 22. Rxd5 b5 23. Bh3 Nb6 24. Bxc8 Rxd5 25. Bxa6 Qc6 26. Rxd5 Qxd5 27. Kg2
c4 28. Qd2 Bf6 29. Qxd5 Nxd5 30. Bxb5 Bxb2 31. Bxc4 Nb6 32. Bb3 Bxa3 33. Ne5
Kg7 34. Nxf7 Nd7 35. Ng5 Nc5 36. Bc2 Bc1 37. h4 Bb2 38. Kg3 Bf6 39. Kg4 Be7 40.
h5 Nd7 41. hxg6 hxg6 42. Nf3 Bb4 43. Nh4 Nf8 44. f5 gxf5+ 45. Bxf5 Kf6 46. f4
Bc3 47. e4 Bb2 48. Nf3 Bc1 49. Nd4 Be3 50. Nc6 Bd2 51. e5+ Kf7 52. Kf3 Bc1 53.
Ke4 Bd2 54. Bg4 Nh7 55. Kf5 Kg7 56. Bh5 Bc1 57. Be8 Nf8 58. Nd4 Bd2 59. Nb5 Ba5
60. Nd6 Bd8 61. Ne4 Nh7 62. Nc3 Bh4 63. Nd5 Bd8 64. Bh5 Kh6 65. Bg6 Nf8 66. Be8
Kg7 67. e6 Nxe6 68. Kxe6 Bh4 69. f5 Bg5 70. f6+ Bxf6 71. Nxf6 Kh8 72. Nd7 Kg7
73. Ne5 Kh8 74. Kf6 Kg8 75. Bd7 Kh8 76. Nf7+ Kh7 77. Bf5+ Kg8 78. Be4 Kf8 79.
Bh7 Ke8 80. Ne5 Kd8 81. Ke6 Kc7 82. Nd7 Kc6 83. Bd3 1-0

[Event "BL 0910 Werder Bremen - SC Eppingen"]
[Site "?"]
[Date "2009.11.14"]
[Round "3.5"]
[White "Ruck, Robert"]
[Black "Nyback, Tomi"]
[Result "0-1"]
[WhiteElo "2548"]
[BlackElo "2615"]
[PlyCount "130"]
[EventDate "2009.??.??"]

1. Nf3 d5 2. d4 Nf6 3. c4 c6 4. Nc3 e6 5. Bg5 h6 6. Bxf6 Qxf6 7. e3 Nd7 8. Bd3
dxc4 9. Bxc4 g6 10. O-O Bg7 11. Qc2 O-O 12. Ne4 Qe7 13. Bb3 e5 14. Ng3 Kh8 15.
Rad1 f5 16. dxe5 Nxe5 17. Nxe5 Qxe5 18. Rd2 Be6 19. Ne2 g5 20. Nd4 Bf7 21. Bxf7
Rxf7 22. Rfd1 Re8 23. h3 Qe4 24. b3 f4 25. Qxe4 Rxe4 26. Nc2 Ree7 27. Rd3 Kh7
28. Kf1 a6 29. Ke2 c5 30. a4 Rc7 31. Na3 fxe3 32. fxe3 Be5 33. R1d2 Bg3 34. Rd5
Rce7 35. Kd3 Rf1 36. Kc2 Rxe3 37. Rd7+ Kg6 38. Nc4 Re6 39. Rxb7 Bf4 40. Rdd7
Rf2+ 41. Kd3 Rxg2 42. Nb6 Re3+ 43. Kc4 Rc2+ 44. Kd5 Rxb3 45. Kc6 Rxh3 46. Nd5
Rc4 47. a5 Kh5 48. Kb6 g4 49. Kxa6 Bg5 50. Rb1 Ra4 51. Rc7 c4 52. Rc5 Rb3 53.
Rh1+ Kg6 54. Rc6+ Kf5 55. Nb6 Rab4 56. Nxc4 g3 57. Rg1 Ke4 58. Rc8 Bf4 59. Re8+
Kd4 60. Nb6 Rb1 61. Rg2 R4b2 62. Rd8+ Ke4 63. Rxb2 Rxb2 64. Nc4 Rb4 65. Nd6+
Ke5 0-1

[Event "BL 0910 Werder Bremen - SC Eppingen"]
[Site "?"]
[Date "2009.11.14"]
[Round "3.6"]
[White "Hracek, Zbynek"]
[Black "Braun, Arik"]
[Result "1/2-1/2"]
[WhiteElo "2606"]
[BlackElo "2519"]
[PlyCount "53"]
[EventDate "2009.??.??"]

1. e4 c6 2. Nc3 d5 3. Nf3 Bg4 4. h3 Bxf3 5. Qxf3 e6 6. Be2 Nd7 7. O-O Ne7 8. d3
g6 9. Bf4 Bg7 10. Qg3 O-O 11. Bc7 Qc8 12. Bd6 Re8 13. Rfe1 d4 14. Nb1 c5 15. f4
Nc6 16. e5 Nb4 17. Na3 Nd5 18. Bf3 N7b6 19. Be4 Qc6 20. Nc4 f5 21. exf6 Nxc4
22. dxc4 Qxd6 23. cxd5 exd5 24. Bxg6 Rxe1+ 25. Rxe1 Qxf6 26. Bh5 Kh8 27. Bg4
1/2-1/2

[Event "BL 0910 Werder Bremen - SC Eppingen"]
[Site "?"]
[Date "2009.11.14"]
[Round "3.7"]
[White "Medvegy, Zoltan"]
[Black "Babula, Vlastimil"]
[Result "1/2-1/2"]
[WhiteElo "2556"]
[BlackElo "2569"]
[PlyCount "200"]
[EventDate "2009.??.??"]

1. d4 Nf6 2. c4 e6 3. Nc3 Bb4 4. Qc2 O-O 5. e4 d6 6. a3 Bxc3+ 7. bxc3 c5 8. Bd3
Qc7 9. Ne2 Nbd7 10. O-O b5 11. Qb3 bxc4 12. Qxc4 Bb7 13. Ng3 d5 14. exd5 Bxd5
15. Qa6 cxd4 16. cxd4 Rfc8 17. Be3 Bc4 18. Qxc4 Qxc4 19. Bxc4 Rxc4 20. Rfc1 Nb6
21. Kf1 Rac8 22. Ke2 Nfd5 23. Rxc4 Rxc4 24. Ne4 h6 25. h4 f5 26. Nd2 Rc3 27. g3
a5 28. Nf1 a4 29. Bd2 Rb3 30. Ne3 Kf7 31. Nxd5 Nxd5 32. Ra2 f4 33. gxf4 Kf6 34.
Ra1 h5 35. Rc1 Rxa3 36. Rc8 Rb3 37. Rf8+ Kg6 38. f5+ exf5 39. Rd8 Nf6 40. Ra8
Ne4 41. Bc1 Rh3 42. Bf4 Rxh4 43. Be5 Rg4 44. Ra7 Kh6 45. d5 Rg2 46. d6 Nxd6 47.
Bxd6 Rg4 48. f3 Rg2+ 49. Kf1 Rg6 50. Bf4+ Kh7 51. Rxa4 Re6 52. Kf2 Kg6 53. Kg3
Rc6 54. Ra3 Kf6 55. Kh4 Rc4 56. Ra6+ Kf7 57. Kg5 Rc3 58. Ra7+ Ke6 59. Rxg7 Rxf3
60. Rg6+ Kd5 61. Kxf5 Rf1 62. Rd6+ Kc5 63. Rh6 h4 64. Ke4 h3 65. Rxh3 Re1+ 66.
Be3+ Kc6 67. Rh6+ Kd7 68. Kd4 Ke7 69. Bg5+ Kd7 70. Kd5 Rd1+ 71. Kc5 Rd3 72. Bf4
Rd1 73. Be5 Rf1 74. Kd5 Rf7 75. Rd6+ Ke7 76. Ra6 Kd7 77. Bf6 Ke8 78. Ra8+ Kd7
79. Ke5 Kc6 80. Ke6 Rh7 81. Rc8+ Rc7 82. Rh8 Rd7 83. Be5 Rd1 84. Rc8+ Kb5 85.
Bd6 Re1+ 86. Kd7 Rd1 87. Rc5+ Ka4 88. Rc3 Kb5 89. Kc7 Rd5 90. Rc2 Rh5 91. Rb2+
Kc4 92. Kc6 Rh6 93. Rb4+ Kc3 94. Ra4 Rh5 95. Bc5 Rh8 96. Kb5 Rb8+ 97. Bb6 Kd3
98. Rd4+ Ke2 99. Rd6 Kf3 100. Kc4 Ke4 1/2-1/2

[Event "BL 0910 Werder Bremen - SC Eppingen"]
[Site "?"]
[Date "2009.11.14"]
[Round "3.8"]
[White "Llaneza Vega, Marcos"]
[Black "Muzychuk, Anna"]
[Result "0-1"]
[WhiteElo "2504"]
[BlackElo "2533"]
[PlyCount "80"]
[EventDate "2009.??.??"]

1. e4 d5 2. exd5 Nf6 3. d4 Nxd5 4. Nf3 Bf5 5. Be2 e6 6. O-O Be7 7. a3 O-O 8. c4
Nb6 9. Be3 Bf6 10. Nc3 Nc6 11. Rc1 Qd7 12. d5 Ne5 13. Bxb6 axb6 14. Nd4 c5 15.
Nxf5 exf5 16. Qb3 f4 17. Ne4 Bd8 18. Rfe1 f5 19. Nd2 Qd6 20. Nf3 Bf6 21. Nxe5
Bxe5 22. Bf3 Rfe8 23. Re2 Re7 24. h4 g6 25. Rce1 Kg7 26. Qb5 Ra5 27. Qb3 Ra8
28. Qb5 Kf6 29. Kf1 h6 30. g3 fxg3 31. fxg3 Rae8 32. h5 g5 33. b4 g4 34. bxc5
Qxc5 35. Bg2 Qxb5 36. cxb5 Bxg3 37. Rxe7 Rxe7 38. Rxe7 Kxe7 39. d6+ Bxd6 40.
Bxb7 Bxa3 0-1

[Event "BL 0910 Hamburger SK - SG Turm Trier"]
[Site "?"]
[Date "2009.11.14"]
[Round "3.1"]
[White "Bobras, Piotr"]
[Black "Wojtaszek, Radoslav"]
[Result "1/2-1/2"]
[WhiteElo "2537"]
[BlackElo "2640"]
[PlyCount "57"]
[EventDate "2009.??.??"]

1. e4 c5 2. Nf3 d6 3. d4 cxd4 4. Nxd4 Nf6 5. Nc3 a6 6. Bg5 e6 7. f4 Qb6 8. Qd2
Qxb2 9. Rb1 Qa3 10. f5 Nc6 11. fxe6 fxe6 12. Nxc6 bxc6 13. e5 dxe5 14. Bxf6
gxf6 15. Ne4 Be7 16. Be2 h5 17. Rf1 f5 18. Rf3 Qxa2 19. Rfb3 fxe4 20. Qc3 Bd8
21. Qxc6+ Bd7 22. Qxe4 Ke7 23. Rd1 Qa4 24. Rb4 Ba5 25. Qh4+ Ke8 26. Bxh5+ Rxh5
27. Qxh5+ Ke7 28. Qh4+ Kf7 29. Qh7+ 1/2-1/2

[Event "BL 0910 Hamburger SK - SG Turm Trier"]
[Site "?"]
[Date "2009.11.14"]
[Round "3.2"]
[White "Kempinski, Robert"]
[Black "Cyborowski, Lukasz"]
[Result "1-0"]
[WhiteElo "2616"]
[BlackElo "2503"]
[PlyCount "87"]
[EventDate "2009.??.??"]

1. d4 Nf6 2. c4 e6 3. Nc3 d5 4. Bg5 Be7 5. e3 Nbd7 6. Nf3 O-O 7. Rc1 c6 8. Bd3
b6 9. O-O Bb7 10. Qc2 h6 11. Bh4 c5 12. Rfd1 dxc4 13. Bxc4 Bxf3 14. gxf3 cxd4
15. Rxd4 Qc7 16. Be2 Qb7 17. Ne4 Rfc8 18. Rc4 Rxc4 19. Qxc4 Kf8 20. Bg3 Nxe4
21. fxe4 Nc5 22. b4 Nd7 23. a3 Nf6 24. e5 Ne8 25. Qa6 Qd7 26. Bf3 Rd8 27. h4 g6
28. h5 Ng7 29. hxg6 fxg6 30. Qc4 Qd3 31. Qxd3 Rxd3 32. Be4 Rxa3 33. Bxg6 Nf5
34. Rc8+ Kg7 35. Bxf5 exf5 36. Rc7 Kf8 37. e6 Ra1+ 38. Kg2 Rd1 39. Rxa7 Rd5 40.
Rb7 Rb5 41. Bf4 Rxb4 42. Bxh6+ Ke8 43. Rb8+ Bd8 44. f4 1-0

[Event "BL 0910 Hamburger SK - SG Turm Trier"]
[Site "?"]
[Date "2009.11.14"]
[Round "3.6"]
[White "Mueller, Karsten Dr"]
[Black "Flumbort, Andras"]
[Result "0-1"]
[WhiteElo "2523"]
[BlackElo "2513"]
[PlyCount "62"]
[EventDate "2009.??.??"]

1. e4 c5 2. Nf3 d6 3. d4 cxd4 4. Nxd4 Nf6 5. Nc3 a6 6. Be3 e6 7. f3 Nc6 8. g4
Be7 9. Qd2 O-O 10. O-O-O Nxd4 11. Qxd4 Nd7 12. h4 b5 13. g5 Rb8 14. Ne2 Bb7 15.
Qd2 Ne5 16. Nd4 d5 17. h5 dxe4 18. g6 Qd5 19. h6 Nxg6 20. hxg7 Rfd8 21. Qh2 h5
22. Kb1 exf3 23. Bd3 Qe5 24. Qxe5 Nxe5 25. Rxh5 Nxd3 26. Rg1 f5 27. Nxe6 f2 28.
Rh8+ Kf7 29. Nxd8+ Rxd8 30. Rxd8 fxg1=Q+ 31. Bxg1 Bxd8 0-1

[Event "BL 0910 Hamburger SK - SG Turm Trier"]
[Site "?"]
[Date "2009.11.14"]
[Round "3.7"]
[White "Gonda, Laszlo"]
[Black "Heinemann, Thies"]
[Result "1/2-1/2"]
[WhiteElo "2486"]
[BlackElo "2484"]
[PlyCount "75"]
[EventDate "2009.??.??"]

1. Nf3 Nf6 2. c4 c5 3. g3 b6 4. Bg2 Bb7 5. O-O e6 6. Nc3 Be7 7. Re1 O-O 8. e4
d6 9. d4 cxd4 10. Nxd4 Qc8 11. Be3 Na6 12. f4 Re8 13. Rc1 h6 14. Bf2 Bf8 15. a3
Nc5 16. b4 Ncd7 17. Rc2 a6 18. Nb3 Qc7 19. Bf1 Rac8 20. Bd3 Qb8 21. Qe2 Red8
22. Bd4 Nh7 23. h3 Qc7 24. Qf2 Qc6 25. Kh2 Nc5 26. Bxc5 dxc5 27. b5 axb5 28.
cxb5 Qc7 29. Bc4 Nf6 30. Rd2 Rxd2 31. Qxd2 Rd8 32. Qe3 Be7 33. Re2 Qb8 34. a4
Qa8 35. Re1 Rd7 36. Re2 Rd8 37. Re1 Rd7 38. Re2 1/2-1/2

[Event "BL 0910 Hamburger SK - SG Turm Trier"]
[Site "?"]
[Date "2009.11.14"]
[Round "3.8"]
[White "Reeh, Oliver"]
[Black "Seger, Ruediger"]
[Result "1-0"]
[WhiteElo "2442"]
[BlackElo "2407"]
[PlyCount "81"]
[EventDate "2009.??.??"]

1. e4 c6 2. c4 d5 3. cxd5 cxd5 4. exd5 Nf6 5. Nc3 Nxd5 6. Nf3 e6 7. d4 Bb4 8.
Bd2 Nc6 9. Bd3 O-O 10. O-O Be7 11. Qe2 Ncb4 12. Bc4 Nf6 13. Bg5 Bd7 14. Bxf6
Bxf6 15. a3 Nc6 16. Rad1 Ne7 17. Ne5 Rc8 18. Ne4 Bc6 19. Nxf6+ gxf6 20. Nxc6
Rxc6 21. Rd3 Kh8 22. Qh5 Rg8 23. Bb3 Qf8 24. d5 Rd6 25. Rh3 Rg7 26. dxe6 fxe6
27. Qc5 Ng6 28. Re3 b6 29. Qc3 Nf4 30. g3 Qa8 31. f3 Rd3 32. Qe1 e5 33. Kh1
Rxe3 34. Qxe3 Ng6 35. Rd1 Re7 36. Rd6 Kg7 37. Qc3 Qb7 38. Rc6 Qd7 39. Rc8 Qd4
40. Rg8+ Kh6 41. Qc1+ 1-0

[Event "BL 0910 Turm Emsdetten - Schachfr. Berl"]
[Site "?"]
[Date "2009.11.14"]
[Round "3.1"]
[White "Markos, Jan"]
[Black "Spoelman, Wouter"]
[Result "1-0"]
[WhiteElo "2565"]
[BlackElo "2554"]
[PlyCount "79"]
[EventDate "2009.??.??"]

1. d4 d5 2. c4 c6 3. Nf3 Nf6 4. e3 e6 5. Bd3 Nbd7 6. O-O Bd6 7. Nbd2 O-O 8. e4
dxe4 9. Nxe4 Nxe4 10. Bxe4 Qc7 11. Re1 b6 12. Bc2 Re8 13. Qd3 Nf8 14. Be3 Ba6
15. Rad1 Rad8 16. Qc3 Ng6 17. c5 Be7 18. Be4 bxc5 19. dxc5 Rxd1 20. Rxd1 f5 21.
Bd3 Bxd3 22. Rxd3 Nf4 23. Bxf4 Qxf4 24. Rd4 Qb8 25. Qc4 Bf6 26. Rd6 Qxb2 27.
Rxe6 Rxe6 28. Qxe6+ Kf8 29. Qc8+ Kf7 30. Qd7+ Kg6 31. Qe8+ Kh6 32. Qe3+ Kh5 33.
h3 g6 34. Qf4 Qb1+ 35. Kh2 g5 36. Qd6 Qe4 37. Qxf6 Qf4+ 38. Kh1 Qc1+ 39. Ng1
Qxc5 40. Ne2 1-0

[Event "BL 0910 Turm Emsdetten - Schachfr. Berl"]
[Site "?"]
[Date "2009.11.14"]
[Round "3.2"]
[White "Hector, Jonny"]
[Black "Lauber, Arnd"]
[Result "1-0"]
[WhiteElo "2568"]
[BlackElo "2517"]
[PlyCount "67"]
[EventDate "2009.??.??"]

1. e4 c6 2. d4 d5 3. Nd2 dxe4 4. Nxe4 Bf5 5. Ng3 Bg6 6. h4 h6 7. Nf3 e6 8. Ne5
Bh7 9. Bc4 Nf6 10. Qe2 Nd5 11. Qf3 Qc7 12. O-O Bd6 13. Nh5 Bxe5 14. dxe5 Qxe5
15. Bxd5 Bg6 16. Bxe6 Bxh5 17. Bg4 Bxg4 18. Qxg4 O-O 19. Bxh6 Qxb2 20. Rab1 Qf6
21. Bg5 Qc3 22. Rxb7 Qxc2 23. Rc1 Qg6 24. h5 Qe6 25. Qxe6 fxe6 26. Re7 Rf5 27.
f4 c5 28. g4 Rd5 29. Re8+ Kf7 30. Rc8 Rd6 31. Rb1 Rb6 32. Rd1 Rc6 33. Rh8 c4
34. Rdd8 1-0

[Event "BL 0910 Turm Emsdetten - Schachfr. Berl"]
[Site "?"]
[Date "2009.11.14"]
[Round "3.3"]
[White "Polzin, Rainer"]
[Black "Feygin, Michael"]
[Result "1/2-1/2"]
[WhiteElo "2491"]
[BlackElo "2546"]
[PlyCount "86"]
[EventDate "2009.??.??"]

1. e4 e6 2. d4 d5 3. Nc3 Nf6 4. e5 Nfd7 5. f4 c5 6. Nf3 Nc6 7. Be3 Be7 8. Qd2
O-O 9. dxc5 Bxc5 10. Bxc5 Nxc5 11. O-O-O Qa5 12. Kb1 Rb8 13. Nd4 Bd7 14. Nb3
Nxb3 15. cxb3 f6 16. exf6 Rxf6 17. Ne4 dxe4 18. Qxa5 Nxa5 19. Rxd7 Rxf4 20. g3
Rf2 21. Bh3 Re8 22. Rd4 e3 23. Re4 e2 24. Re1 Rxh2 25. Bxe6+ Kh8 26. R4xe2 Rxe2
27. Rxe2 Nc6 28. Re4 g5 29. Bd5 Rxe4 30. Bxe4 h5 31. Kc1 Kg7 32. Kd2 Kf6 33.
Ke3 g4 34. Kf4 Nd4 35. Ke3 Nf5+ 36. Kf4 Nd6 37. Bd5 b6 38. Bc6 Nf5 39. Be8 Ng7
40. Bd7 Ke7 41. Bc8 Kf6 42. Bd7 Ke7 43. Bc8 Kf6 1/2-1/2

[Event "BL 0910 Turm Emsdetten - Schachfr. Berl"]
[Site "?"]
[Date "2009.11.14"]
[Round "3.4"]
[White "Janssen, Ruud"]
[Black "Kraemer, Martin"]
[Result "1/2-1/2"]
[WhiteElo "2520"]
[BlackElo "2482"]
[PlyCount "101"]
[EventDate "2009.??.??"]

1. Nf3 Nf6 2. c4 e6 3. Nc3 b6 4. e4 Bb7 5. e5 Ne4 6. Bd3 Nxc3 7. dxc3 d6 8. Bf4
Nd7 9. Qa4 Be7 10. O-O-O O-O 11. Qc2 Bxf3 12. gxf3 Bg5 13. Be3 f5 14. exf6
Bxe3+ 15. fxe3 Nxf6 16. h4 Qe7 17. h5 Kh8 18. Rdg1 h6 19. Qg2 a5 20. a4 Rad8
21. Rh4 e5 22. Kb1 Rde8 23. Qg6 Rd8 24. Rhg4 Rg8 25. R4g2 Qe8 26. f4 e4 27.
Qxe8 Rgxe8 28. Be2 Re7 29. Rd1 Kg8 30. Kc2 Kf8 31. Rd4 Red7 32. Bg4 Re7 33. Be2
Red7 34. Rg1 c5 35. Rdd1 d5 36. cxd5 Rxd5 37. Rxd5 Rxd5 38. Rg2 Rd6 39. Rg3 Rd5
40. Rg1 Rd6 41. Rh1 Rd5 42. Rh2 Ke7 43. Rh3 Kf8 44. Rh1 Ke7 45. Rf1 Kf8 46. Rb1
Rd6 47. Re1 Rd5 48. Rh1 Ke7 49. Rb1 Rd6 50. Rg1 Kf8 51. Rg2 1/2-1/2

[Event "BL 0910 Turm Emsdetten - Schachfr. Berl"]
[Site "?"]
[Date "2009.11.14"]
[Round "3.5"]
[White "Schneider, Ilja"]
[Black "Breder, Dennis"]
[Result "1/2-1/2"]
[WhiteElo "2500"]
[BlackElo "2427"]
[PlyCount "94"]
[EventDate "2009.??.??"]

1. d4 d5 2. c4 e6 3. Nf3 c6 4. e3 f5 5. b3 Nf6 6. Bd3 Bd6 7. O-O Qe7 8. Bb2 O-O
9. Qc1 Ne4 10. Ba3 Nd7 11. Bxd6 Qxd6 12. Qa3 c5 13. dxc5 Ndxc5 14. Rd1 Bd7 15.
cxd5 exd5 16. Bf1 Kh8 17. b4 Na4 18. Nbd2 Nec3 19. Rdc1 a5 20. Qb3 axb4 21. a3
f4 22. Qxb4 Qxb4 23. axb4 fxe3 24. fxe3 Rfe8 25. Nb1 Rac8 26. Nxc3 Nxc3 27. Ra7
Ne2+ 28. Bxe2 Rxc1+ 29. Kf2 Rc7 30. Nd4 Bc8 31. Bf3 Rce7 32. Nb5 Be6 33. Nd4
Bg8 34. Nf5 Rd7 35. Ke2 g6 36. Nd4 Rde7 37. Kf2 Bf7 38. b5 Kg8 39. b6 Rb8 40.
Nc6 bxc6 41. Rxe7 Rxb6 42. Rc7 Rb2+ 43. Kg3 Rc2 44. Kf4 Rc3 45. h4 h6 46. e4
dxe4 47. Bxe4 Rc5 1/2-1/2

[Event "BL 0910 Turm Emsdetten - Schachfr. Berl"]
[Site "?"]
[Date "2009.11.14"]
[Round "3.6"]
[White "Fiebig, Thomas"]
[Black "Agopov, Mikail"]
[Result "0-1"]
[WhiteElo "2416"]
[BlackElo "2452"]
[PlyCount "74"]
[EventDate "2009.??.??"]

1. d4 Nf6 2. Nf3 g6 3. Nc3 d5 4. Bf4 Bg7 5. Qd2 O-O 6. Bh6 Ne4 7. Nxe4 dxe4 8.
Bxg7 Kxg7 9. Ng5 f5 10. h4 h6 11. Nh3 e5 12. O-O-O exd4 13. e3 c5 14. exd4 cxd4
15. Qxd4+ Qxd4 16. Rxd4 Nc6 17. Rd6 f4 18. g3 fxg3 19. Rg1 Ne5 20. Rxg3 Bg4 21.
Bg2 Rad8 22. Rxd8 Rxd8 23. b3 Rd1+ 24. Kb2 Bf3 25. Bxf3 Nxf3 26. Nf4 g5 27.
hxg5 hxg5 28. Ne6+ Kf6 29. Nc5 Kf5 30. Nxb7 Rd2 31. Rh3 Rxf2 32. Nc5 Nd4 33.
Kc3 Rf3+ 34. Rxf3+ Nxf3 35. b4 g4 36. Nb3 Kf4 37. Nc1 Ke3 0-1

[Event "BL 0910 Turm Emsdetten - Schachfr. Berl"]
[Site "?"]
[Date "2009.11.14"]
[Round "3.7"]
[White "Thiede, Lars"]
[Black "Pruijssers, Roeland"]
[Result "1-0"]
[WhiteElo "2450"]
[BlackElo "2415"]
[PlyCount "119"]
[EventDate "2009.??.??"]

1. Nf3 Nf6 2. c4 g6 3. g3 Bg7 4. Bg2 O-O 5. O-O d6 6. Nc3 e5 7. d4 Nbd7 8. e4
c6 9. h3 Qa5 10. Be3 Re8 11. d5 cxd5 12. cxd5 Nc5 13. Qb1 Na4 14. Rc1 Nxc3 15.
Rxc3 Bd7 16. Nd2 Qd8 17. b4 Nh5 18. Nc4 Rc8 19. Qb2 Nf4 20. Qd2 Nxg2 21. Kxg2
Qc7 22. Rac1 Qb8 23. Ra3 b6 24. Rac3 f5 25. f3 Bf6 26. Bg5 Bg7 27. g4 fxe4 28.
fxe4 Bb5 29. Nb2 Bd7 30. Nc4 Bb5 31. Qc2 h6 32. Be3 Bd7 33. Qb3 Rf8 34. b5 Rf7
35. Qb4 Bf8 36. a4 Kg7 37. Nd2 Rxc3 38. Qxc3 Qd8 39. Nf3 Qf6 40. Rf1 Qd8 41.
Qc1 g5 42. Nd2 Rxf1 43. Nxf1 Be7 44. Ng3 Qc8 45. Qxc8 Bxc8 46. Nf1 Bd8 47. Nd2
Bd7 48. Nc4 Bc7 49. Bc1 Bc8 50. Ba3 a6 51. Bxd6 axb5 52. Bxc7 bxc4 53. Bxe5+
Kg6 54. Bd4 Bd7 55. e5 Bxa4 56. e6 c3 57. d6 c2 58. Bb2 c1=Q 59. Bxc1 Kf6 60.
d7 1-0

[Event "BL 0910 Turm Emsdetten - Schachfr. Berl"]
[Site "?"]
[Date "2009.11.14"]
[Round "3.8"]
[White "Richter, Christian"]
[Black "Thinius, Marco"]
[Result "1/2-1/2"]
[WhiteElo "2412"]
[BlackElo "2375"]
[PlyCount "123"]
[EventDate "2009.??.??"]

1. d4 e6 2. c4 f5 3. g3 Nf6 4. Bg2 c6 5. Nf3 d5 6. O-O Bd6 7. b3 Qe7 8. Qc2 O-O
9. Bb2 b6 10. Nc3 Ne4 11. Ne5 Bb7 12. Rad1 Na6 13. Nxe4 fxe4 14. f3 exf3 15.
exf3 Nb4 16. Qb1 Bxe5 17. dxe5 dxc4 18. bxc4 Rad8 19. a3 Na6 20. Qc1 Nc5 21.
Qc2 Ba6 22. Rd6 Nb7 23. Rxc6 Na5 24. Rd6 Bxc4 25. Rc1 Rxd6 26. exd6 Qxd6 27.
Qe4 b5 28. Qe3 Rf7 29. f4 Nb3 30. Re1 Qc5 31. Bh3 Re7 32. Be5 Qxe3+ 33. Rxe3
Kf7 34. Bc3 g6 35. Bg4 Rd7 36. h4 Nd4 37. Ba5 Nc6 38. Be1 Ne7 39. Rc3 Nd5 40.
Rc1 Nf6 41. Bf3 Rd3 42. Rc3 Rd7 43. Rc1 h5 44. Kf2 Rd3 45. a4 a6 46. Bb7 Ng4+
47. Kg1 Ra3 48. a5 Ra2 49. Rd1 Rc2 50. Be4 Rb2 51. Rd7+ Ke8 52. Rd2 Rb3 53.
Bxg6+ Ke7 54. Bxh5 Rb1 55. Bxg4 Rxe1+ 56. Kf2 Rf1+ 57. Ke3 Rg1 58. Kf2 Rf1+ 59.
Kg2 Ra1 60. f5 exf5 61. Bxf5 Rxa5 62. h5 1/2-1/2

[Event "BL 0910 SV Wattenscheid - SK König Tege"]
[Site "?"]
[Date "2009.11.14"]
[Round "3.1"]
[White "Rabiega, Robert"]
[Black "Vitiugov, Nikita"]
[Result "0-1"]
[WhiteElo "2531"]
[BlackElo "2681"]
[PlyCount "84"]
[EventDate "2009.??.??"]

1. e4 e6 2. d4 d5 3. Nc3 Nf6 4. Bg5 Bb4 5. e5 h6 6. Bd2 Bxc3 7. bxc3 Ne4 8. Qg4
Kf8 9. Qf4 c5 10. Bd3 Nxd2 11. Qxd2 Qa5 12. Nf3 c4 13. Be2 Nd7 14. h4 Qa3 15.
Rh3 Qb2 16. Rc1 Nb6 17. h5 Bd7 18. Nh4 Na4 19. f4 b5 20. Bg4 Ke8 21. f5 Kd8 22.
Rf3 a5 23. fxe6 fxe6 24. Ng6 Re8 25. Nf4 Kc7 26. Kf1 b4 27. Ne2 Rf8 28. Nf4
Rfe8 29. Ne2 Nxc3 30. Nxc3 bxc3 31. Rxc3 Qxa2 32. Qe3 a4 33. Ra3 Qb2 34. Ke2
Reb8 35. Kd1 Rb3 36. Rxb3 axb3 37. cxb3 Ra3 38. Qc3 Qxg2 39. Be2 Ra2 40. Rc2
Qg1+ 41. Kd2 Qg5+ 42. Kd1 Ra1+ 0-1

[Event "BL 0910 SV Wattenscheid - SK König Tege"]
[Site "?"]
[Date "2009.11.14"]
[Round "3.2"]
[White "Najer, Evgeniy"]
[Black "Stern, Rene"]
[Result "1-0"]
[WhiteElo "2681"]
[BlackElo "2501"]
[PlyCount "89"]
[EventDate "2009.??.??"]

1. e4 e5 2. Nf3 Nc6 3. Bb5 a6 4. Ba4 Nf6 5. O-O Be7 6. Re1 b5 7. Bb3 O-O 8. a4
Na5 9. Ba2 d6 10. d3 b4 11. Nbd2 c5 12. c3 Rb8 13. Nc4 Bg4 14. cxb4 cxb4 15.
Nxa5 Qxa5 16. Bc4 Qb6 17. h3 Bxf3 18. Qxf3 a5 19. Be3 Qb7 20. Rac1 Bd8 21. Bb5
Bb6 22. Rc6 Bxe3 23. Qxe3 Rfd8 24. Rec1 Rbc8 25. R1c4 Rxc6 26. Rxc6 h5 27. Ra6
d5 28. exd5 Qxd5 29. Bc4 Qd4 30. Qxd4 Rxd4 31. f3 e4 32. fxe4 Nxe4 33. Ra8+ Kh7
34. Rxa5 Nd2 35. Bxf7 g6 36. Ra6 Rf4 37. Bxg6+ Kg7 38. Bxh5 Rf1+ 39. Kh2 Rb1
40. h4 Rxb2 41. Bg4 b3 42. h5 Nf1+ 43. Kh3 Rf2 44. Rb6 b2 45. h6+ 1-0

[Event "BL 0910 SV Wattenscheid - SK König Tege"]
[Site "?"]
[Date "2009.11.14"]
[Round "3.3"]
[White "Muse, Mladen"]
[Black "Macieja, Bartlomiej"]
[Result "1-0"]
[WhiteElo "2448"]
[BlackElo "2618"]
[PlyCount "87"]
[EventDate "2009.??.??"]

1. d4 e6 2. Nf3 c5 3. e3 Nf6 4. Bd3 d5 5. O-O Nc6 6. Nbd2 c4 7. Be2 b5 8. c3
Bb7 9. b3 Be7 10. a4 a6 11. bxc4 bxc4 12. Qc2 O-O 13. Ba3 Bxa3 14. Rxa3 Qc7 15.
Rb1 Rfb8 16. Ra2 Bc8 17. Rab2 Rxb2 18. Rxb2 Rb8 19. h3 h6 20. Qb1 Bd7 21. Bd1
Be8 22. Bc2 Nd7 23. e4 Qa5 24. Rxb8 Ncxb8 25. exd5 exd5 26. Qb2 Nb6 27. Ne5 Nc6
28. Qa3 g6 29. Ndf3 Nxe5 30. Nxe5 Nc8 31. Ng4 Kg7 32. Qc1 g5 33. Qe3 Kf8 34.
Nxh6 Bxa4 35. Bxa4 Qxa4 36. Qxg5 Qd7 37. Nf5 Qe6 38. Qd8+ Qe8 39. Qxd5 Qb5 40.
Qd8+ Qe8 41. Qc7 a5 42. Qxa5 Kg8 43. Qc7 Kh7 44. Qg3 1-0